000 01073cab a2200229 4500
001 ##L131383
008 051028n2005 000 0 eng u
035 _a(Sirsi) u131383
041 0 _aeng
110 2 _aGreat Britain
_bHealth and Safety Executive
245 0 0 _aHSE publishes new guidance on the hand arm vibration
260 _c2005
490 0 0 _aHSE Press Release
_v(E125:05) 29 September 2005
520 _aThe HSE has published a comprehensive guide "Hand-arm vibration: Control of Vibration at Work Regulations 2005" (ISBN 0717661253) giving advice on what needs to be done to reduce and control the risks of hand-arm vibration.
590 _aIKA081105
650 2 4 _aHAND-ARM VIBRATION: CONTROL OF VIBRATION AT WORK REGULATIONS 2005
650 2 4 _aCONTROL OF VIBRATION WORK ACT 2005
650 2 4 _aCONTROL OF VIBRATION AT WORK REGULATIONS 2005
690 _aMANAGEMENT-HEALTH AND SAFETY-HEALTH AND SAFETY RISK MANAGEMENT
856 _uhttps://www.hse.gov.uk/press/2005/e05125.htm
_zView the press release free of charge at www.hse.gov.uk...
942 _n0
999 _c76065
_d76065